Представление документа в формате MARC21

Поле Инд. ПП Название Значение
Тип записи a
Библиографический уровень a
001 Контрольный номер d88bad430458498cbc3affaba0a26e14
005 Дата корректировки 20160617124623.3
020 a ISBN 5-9270-0072-X
040 a Служба первич. каталог. НБ ТвГУ
b Код языка каталог. rus
e Правила каталог. PSBO
041 0_ a Код языка текста rus
097 b Оператор novikova
245 10 a Заглавие Ресурсы рабочей памяти в процессе планирования письменной речи на родном и иностранном языке
260 a Место издания Москва
b Издательство Ин-т психологии РАН
440 _0 a Серия Труды Института психологии РАН
504 a Библиография Библиогр.: с. 178-179 (26 назв.)
520 0_ a Аннотация В статье рассматривается проблематика функционирования рабочей памяти в процессе планирования письменной речи при обработке родного и иностранного языка.
653 0_ a Ключевые слова Письменная речь
a Ключевые слова Рабочая память
a Ключевые слова Когнитивное усилие
a Ключевые слова Родной язык
a Ключевые слова Иностранный язык
700 12 a Другие авторы Цепцов Василий Александрович
q Полное имя Цепцов В. А.
700 12 a Другие авторы Олив Т.
700 12 a Другие авторы Пиола А.
700 12 a Другие авторы Келлогг Р.
773 18 w Контрольный № источника de7859e2-a781-11da-b02a-008048b56a28
t Название источника Проблемы психологии дискурса
d Место и дата издания Москва : Ин-т психологии РАН, 2005
g Прочая информация С. 165-179
901 t Тип документа a
920 a Оператор Нови